ARRUPE JESUIT UNIVERSITY

CORONAVIRUS -STOP THE SPREAD - CLEAN,DISINFECT,COVER

Classics of analytic philosophy (Record no. 39401)

MARC details
000 -LEADER
fixed length control field 00584nam a2200181Ia 4500
003 - CONTROL NUMBER IDENTIFIER
control field 0100
005 - DATE AND TIME OF LATEST TRANSACTION
control field 20211103093812.0
008 - FIXED-LENGTH DATA ELEMENTS--GENERAL INFORMATION
fixed length control field 130303s9999 xx 000 0 und d
020 ## - INTERNATIONAL STANDARD BOOK NUMBER
International Standard Book Number 0872201015
040 ## - CATALOGING SOURCE
Transcribing agency ARRUPELIB
050 ## - LIBRARY OF CONGRESS CALL NUMBER
Classification number B808.5.A4 1990
300 ## - PHYSICAL DESCRIPTION
Dimensions 24cm.
245 ## - TITLE STATEMENT
Title Classics of analytic philosophy
Statement of responsibility, etc /edited by Robert Ammerman R., Emeritus Professor University of Wisconsin
260 ## - PUBLICATION, DISTRIBUTION, ETC. (IMPRINT)
Name of publisher, distributor, etc Hackett Publishing Company Inc.
Place of publication, distribution, etc Indianapolis
Date of publication, distribution, etc 1990.
300 ## - PHYSICAL DESCRIPTION
Extent ix, 413p,;
650 ## - SUBJECT ADDED ENTRY--TOPICAL TERM
Topical term or geographic name as entry element Analysis (Philosophy)
700 ## - ADDED ENTRY--PERSONAL NAME
Personal name Ammerman, Robert R. (ed.)
9 (RLIN) 33566
942 ## - ADDED ENTRY ELEMENTS (KOHA)
Source of classification or shelving scheme Library of Congress Classification
Koha item type Monograph ( Printed materials)
Holdings
Withdrawn status Lost status Source of classification or shelving scheme Damaged status Not for loan Collection code Home library Current library Shelving location Date acquired Total Checkouts Full call number Barcode Date last seen Copy number Price effective from Koha item type
    Library of Congress Classification     Main Collection ARRUPE LIBRARY ARRUPE LIBRARY Main Collection 04/03/2013   B808.5.A4 1965 46003009823 04/03/2013 1 04/03/2013 Monograph ( Printed materials)
    Library of Congress Classification     Main Collection ARRUPE LIBRARY ARRUPE LIBRARY Main Collection 02/11/2021   B808.5.A4 1965 46600007732 02/11/2021 2 02/11/2021 Monograph ( Printed materials)

 

Arrupe Library. PO Box MP320 Mt Pleasant, Harare, Zimbabwe
263 242 745411|librarian@aju.ac.zw